000 01220nam a2200313 i 4500
001 184032
003 ES-MaACL
005 20250923161124.0
008 150223s2014 sp | |||||||| | spa d
020 _a978-84-8319-884-1
080 _a37.046.2-054.72
080 _a37.017
080 _a37.043
245 0 0 _aEscuela, diversidad cultural e inclusión /
_cJosé Antonio García Fernández e Isidro Moreno Herrero (coords.).
260 _aMadrid :
_bLos Libros de la Catarata,
_cD.L. 2014.
300 _a221 p. ;
_c21 cm.
490 1 _aInvestigación y debate ;
_v127
504 _aBibliografía: p. 218-221.
650 0 7 _aEmigrantes-
_xIntegración social.
_912194
650 7 _aEducación intercultural
_2embne
_9142975
650 7 _aEducación inclusiva
_2embne
_9156425
700 1 _aGarcía Fernández, José Antonio,
_d1945-
_9156426
700 1 _aMoreno Herrero, Isidro.
_9156427
830 0 _aInvestigación y debate ;
_v127
_9176669
852 _aES-MaACL
_jA-13416
_9190998
_bR.150191
_cDEPO1
_dOlim: N-6416
_hDonación: Sección de Educación del Ateneo de Madrid
914 _aAteneo de Madrid.
_ednr
_9234579
942 _2udc
_cMONOGRAFIA
999 _c184032
_d184032